BUBT Library Online Catalog

International Law and Human Rights (Record no. 3685)

000 -LEADER
fixed length control field 00597nam a2200217Ia 4500
003 - CONTROL NUMBER IDENTIFIER
control field BUBTL
008 - FIXED-LENGTH DATA ELEMENTS--GENERAL INFORMATION
fixed length control field 151213s9999 xx 000 0 und d
020 ## - INTERNATIONAL STANDARD BOOK NUMBER
International Standard Book Number 0-81221151-0
082 ## - DEWEY DECIMAL CLASSIFICATION NUMBER
Classification number 341.481/P1169i
100 ## - MAIN ENTRY--PERSONAL NAME
Personal name Pacht, H.Lauter
9 (RLIN) 4029
245 ## - TITLE STATEMENT
Title International Law and Human Rights
Statement of responsibility, etc. H.Lauter Pacht
250 ## - EDITION STATEMENT
Edition statement 1st
260 ## - PUBLICATION, DISTRIBUTION, ETC. (IMPRINT)
Place of publication, distribution, etc. Washington
Name of publisher, distributor, etc. Inernational H.R.L Group
Date of publication, distribution, etc. c1984
300 ## - PHYSICAL DESCRIPTION
Extent [xvi] , 310p . :
Other physical details 22cm.
650 ## - SUBJECT ADDED ENTRY--TOPICAL TERM
Topical term or geographic name as entry element Law
9 (RLIN) 4030
650 ## - SUBJECT ADDED ENTRY--TOPICAL TERM
Topical term or geographic name as entry element Law
9 (RLIN) 4030
700 ## - ADDED ENTRY--PERSONAL NAME
Personal name H.Lauter Pacht
9 (RLIN) 4031
856 ## - ELECTRONIC LOCATION AND ACCESS
Password 0
Logon 0
Link text Download
942 ## - ADDED ENTRY ELEMENTS (KOHA)
Source of classification or shelving scheme
Koha item type Books
Holdings
Withdrawn status Lost status Source of classification or shelving scheme Damaged status Not for loan Collection code Permanent location Current location Shelving location Date acquired Inventory number Total Checkouts Full call number Barcode Date last seen Copy number Price effective from Koha item type
        Not For Loan Non-fiction Bangladesh University of Business and Technology Library Bangladesh University of Business and Technology Library Law Stacks 03/08/2021 6817   341.481/P1169i BUBTL-20036817 03/08/2021 C-1 03/08/2021 Books
          Non-fiction Bangladesh University of Business and Technology Library Bangladesh University of Business and Technology Library Law Stacks 03/08/2021 6818   341.481/P1169i BUBTL-20036818 03/08/2021 C-2 03/08/2021 Books
          Non-fiction Bangladesh University of Business and Technology Library Bangladesh University of Business and Technology Library Law Stacks 03/08/2021 6821   341.481/P1169i BUBTL-20036821 03/08/2021 C-3 03/08/2021 Books
          Non-fiction Bangladesh University of Business and Technology Library Bangladesh University of Business and Technology Library Law Stacks 03/21/2021 6820   341.481/P1169i BUBTL-20036820 03/21/2021 C-4 03/21/2021 Books

More Information About Library

Library Hours

  • Open: 9.00 am. to 9.00 pm.
  • Only Sunday: 9.00 am. to 6.00 pm.
  • Closed: Holiday

Contact to the University

Bangladesh University of Business and Technology Library

  • Mirpurl-2, 1216.
  • Phone:
  • Fax:
  • E-Mail: admin.library@bubt.edu.bd

Contact to the Library

Contact Person:

Md. Abdul Hakim Shah
Joint Librarian
PABX No:  113
Cell No: 01816332931
E-mail: official: admin.library@bubt.edu.bd
Personal: hakim.shah@bubt.edu.bd


BUBT Library

Copyright © 2021